000 00543nam a22001817a 4500
999 _c58659
_d58656
082 _aR/5BS(CS)11
100 _aMuhammad Mohsin
100 _aRoll No. 11BS(CS)09
100 _aSupervisor - Dr. Akhtar Hussain Jalbani
245 _aControlling Virtual Agent.
260 _aNawabshah
_bQUEST
_c2015
300 _a86p
700 _aSaneel Noman (Roll No. 11-10BS(CS)38)
700 _aSalman Khan (Roll No. 11BS(CS)18)
700 _aAli-ul-Islam (Roll No. 11BS(CS)46)
700 _aHameeda Chandio (Roll No. 11BS(CS)13)
942 _cTHESIS